Представление документа в формате MARC21

Поле Инд. ПП Название Значение
Тип записи a
Библиографический уровень b
001 Контрольный номер 4c0043c1e610441b8347c0946449a01c
005 Дата корректировки 20200630193219.6
008 Кодируемые данные 20170331
040 b Код языка каталог. rus
e Правила каталог. PSBO
041 0_ a Код языка текста rus
084 a Индекс другой классификации/Индекс ББК 67.711.1(2Рос); 67.400.12(2Рос)
100 1_ a Автор Брежнев О. В.
245 10 a Заглавие О некоторых аспектах взаимодействия конституционных (уставных) судов субъектов Российской Федерации и судов общей юрисдикции
520 0_ a Аннотация Необходимость обеспечения конституционной законности в сфере судебного правоприменения обусловливает потребность во взаимодействии конституционных (уставных) судов субъектов РФ и судов общей юрисдикции, учитывающем предусмотренное законодательством разграничение полномочий между ними в сфере нормоконтроля. В статье раскрыты некоторые направления такого взаимодействия, связанные с взаимным учетом правовых позиций в процессе осуществления правосудия, обращением судов общей юрисдикции с запросами в конституционные (уставные) суды субъектов РФ, обеспечением пересмотра актов судов общей юрисдикции под влиянием решений конституционных (уставных) судов субъектов РФ. Показаны существующие пробелы в федеральном процессуальном законодательстве, затрудняющие взаимодействие судов общей и конституционной юрисдикции, а также развитие правовых позиций Конституционного Суда РФ в рассматриваемой области
650 14 a Основная рубрика право; правоохранительные органы; судебная система; судебные органы; конституционное право (государственное право)
653 0_ a Ключевые слова конституционная законность
a Ключевые слова конституционная юрисдикция
a Ключевые слова конституционные суды
a Ключевые слова Конституционный Суд РФ
a Ключевые слова Конституция РФ
a Ключевые слова органы конституционного контроля
a Ключевые слова разграничение полномочий
a Ключевые слова Россия
a Ключевые слова судебное правоприменение
a Ключевые слова суды общей юрисдикции
773 08 t Заглавие источника Российская юстиция
d Дата издания источника 2020
g Прочая информация № 4. - С. 43 - 45
w Контрольный № источника d9163a71ea1647108cab3fccfb4b3d86
901 t Тип документа b